| 000 | 01023nam a22003257a 4500 | ||
|---|---|---|---|
| 001 | 0074 | ||
| 003 | DO-SdBPM | ||
| 005 | 20251210084344.0 | ||
| 007 | ta | ||
| 008 | 151113b1988 sp || |||| 00| 0 spa d | ||
| 020 | _a843209109X | ||
| 040 |
_aDO-SdBPM _bspa _cBPMSU _erda |
||
| 082 | 4 |
_a823.8 _bH145a 1988 _222 |
|
| 100 | 1 |
_aHaggard, Henry Rider, _d1856-1925. _eautor _4aut. |
|
| 245 | 1 | 0 |
_aAventuras de Allan Quatermain / _cH. Rider Haggard |
| 250 | _a2a ed. | ||
| 260 | _a | ||
| 264 |
_aBarcelona : _bEdiciones Planeta, _c1988. |
||
| 300 |
_a203 páginas : _c20 cm. |
||
| 336 |
_atexto _btxt _2rdacontent |
||
| 337 |
_asin mediación _bn _2rdamedia |
||
| 338 |
_avolumen _bnc _2rdacarrier |
||
| 490 | 0 |
_aBiblioteca mundial de grandes aventuras ; _v ;68 |
|
| 500 | _aIncluye referencias bibliográficas y notas al pie de las páginas | ||
| 590 | _aInventariado, 2025/VM | ||
| 650 | 7 | _a Novela de aventuras | |
| 650 | 7 | _aNovela inglesa | |
| 910 | _a VMateo V. Control de calidad. BPMSU | ||
| 942 |
_2ddc _cBK |
||
| 999 |
_c8698 _d8698 |
||